Generalised low voltage circuit techniques for very high speed tine interleaved analog to digital converters (Record no. 6707)
[ view plain ]
| 000 -LEADER | |
|---|---|
| fixed length control field | 00515nam a2200169Ia 4500 |
| 008 - FIXED-LENGTH DATA ELEMENTS--GENERAL INFORMATION | |
| fixed length control field | 170106s2010||||xx |||||||||||||| ||und|| |
| 020 ## - INTERNATIONAL STANDARD BOOK NUMBER | |
| International Standard Book Number | 9789048197095 |
| 082 ## - DEWEY DECIMAL CLASSIFICATION NUMBER | |
| Classification number | 621.39814 |
| Item number | SIN |
| 100 ## - MAIN ENTRY--PERSONAL NAME | |
| Personal name | Sin,Weng Sai |
| 245 #0 - TITLE STATEMENT | |
| Title | Generalised low voltage circuit techniques for very high speed tine interleaved analog to digital converters |
| 260 ## - PUBLICATION, DISTRIBUTION, ETC. | |
| Place of publication, distribution, etc. | New York |
| Name of publisher, distributor, etc. | Springer |
| Date of publication, distribution, etc. | 2010 |
| 300 ## - PHYSICAL DESCRIPTION | |
| Extent | xvi,134p. ; 24 cm |
| 650 ## - SUBJECT ADDED ENTRY--TOPICAL TERM | |
| Topical term or geographic name entry element | Electrical Engineering |
| 700 ## - ADDED ENTRY--PERSONAL NAME | |
| Personal name | Martins,Rui Paulo |
| 700 ## - ADDED ENTRY--PERSONAL NAME | |
| Personal name | U,Seng Pan |
| 942 ## - ADDED ENTRY ELEMENTS (KOHA) | |
| Koha item type | Book |
| Withdrawn status | Lost status | Source of classification or shelving scheme | Damaged status | Not for loan | Collection code | Home library | Current library | Shelving location | Date acquired | Source of acquisition | Full call number | Barcode | Date last seen | Price effective from | Koha item type |
|---|---|---|---|---|---|---|---|---|---|---|---|---|---|---|---|
| Dewey Decimal Classification | Not For Loan | Reference Books | LRC, IIT Indore | LRC, IIT Indore | 3rd Floor - Reference Collection | 06/01/2017 | PO No. 42 ; Vendor: Elite Pub. Dist., New Delhi ; Bill No. 10083, dt.14.04.2011; Price: EUR 99.95 | 621.39814 SIN | 6707 | 06/01/2017 | 06/01/2017 | Reference Books |
